000 00424nam a22001697a 4500
003 MPLRDC
005 20220104124210.0
008 210129b ||||| |||| 00| 0 eng d
082 _a805.1664 GFWH
100 _a国丰文化出版社编辑部
245 _a速成英文片语
_c
250 _a再版
260 _a
_b国丰文化出版社
_c1993
300 _b
650 _a英语介词
942 _cBK
_o805.1664 GFWH
999 _c17419
_d17409